000 00573nam a2200193 i 4500
001 77147
003 ES-MaACL
005 20230906173110.0
007 t|
008 041007s1959 sp ||||1| spa d
100 1 _aGuzmán Renshaw, Eugenio.
_961320
245 1 0 _aMétodo teórico-práctico de lengua inglesa /
_cEugenio Guzmán Renshaw.
250 _a[3ª ed.].
260 _aValladolid :
_b[s.n.,
_c1959] (
_fServer-Cuesta Imp.)
300 _a1 v. ;
_c21 cm.
500 _aEs el 2º curso.
650 0 4 _aLengua inglesa-
_vMétodos.
_914282
852 _aES-MaACL
_jP-814
999 _c77147
_d77147